Systems of social regulation / (Record no. 49534)
[ view plain ]
| 000 -LEADER | |
|---|---|
| fixed length control field | 00729nam a2200241 a 4500 |
| 001 - CONTROL NUMBER | |
| control field | 49534 |
| 003 - CONTROL NUMBER IDENTIFIER | |
| rucl marc code | BD-RjUl |
| 005 - DATE AND TIME OF LATEST TRANSACTION | |
| control field | 20211209054706.0 |
| 008 - FIXED-LENGTH DATA ELEMENTS--GENERAL INFORMATION | |
| fixed length control field | 160821s1968 nyua 001 0 eng |
| 035 ## - SYSTEM CONTROL NUMBER | |
| System control number | (BD-RjUl)49653 |
| 040 ## - CATALOGING SOURCE | |
| Original cataloging agency | DLC |
| Transcribing agency | DLC |
| Modifying agency | RCD |
| -- | BD-RjUl |
| Language of cataloging | eng |
| 041 ## - LANGUAGE CODE | |
| Language code of text/sound track or separate title | eng |
| 082 ## - DEWEY DECIMAL CLASSIFICATION NUMBER | |
| Edition number | 23 |
| Classification number | 361.6 |
| Author mark and year | CUS 1968 |
| 100 1# - MAIN ENTRY--PERSONAL NAME | |
| Personal name | Cumming, Elaine |
| 9 (RLIN) | 148593 |
| 245 10 - TITLE STATEMENT | |
| Title | Systems of social regulation / |
| Statement of responsibility, etc. | Elaine Cumming |
| 260 ## - PUBLICATION, DISTRIBUTION, ETC. (IMPRINT) | |
| Place of publication, distribution, etc. | New York : |
| Name of publisher, distributor, etc. | Atherton Press, |
| Date of publication, distribution, etc. | 1968. |
| 300 ## - PHYSICAL DESCRIPTION | |
| Pagination | viii, 324 p. : |
| Illustrations | ill ; |
| Size | 23 cm. |
| 500 ## - GENERAL NOTE | |
| General note | index |
| 650 #0 - SUBJECT ADDED ENTRY--TOPICAL TERM | |
| Topical term or geographic name as entry element | Public welfare |
| Geographic subdivision | New York (State) |
| -- | Syracuse. |
| 9 (RLIN) | 148594 |
| Topical term or geographic name as entry element | Social control. |
| 9 (RLIN) | 148595 |
| Topical term or geographic name as entry element | Social service |
| Geographic subdivision | New York (State) |
| -- | Syracuse. |
| 9 (RLIN) | 148596 |
| 942 ## - ADDED ENTRY ELEMENTS (KOHA) | |
| Source of classification or shelving scheme | Dewey Decimal Classification |
| Koha item type | Books |
| Lost status | Source of classification or shelving scheme | Damaged status | Not for loan | Collection code | Permanent Location | Current Location | Shelving location | Date acquired | Source of acquisition | Cost, normal purchase price | Total Checkouts | Full call number | Date last seen | Copy number | Koha item type |
|---|---|---|---|---|---|---|---|---|---|---|---|---|---|---|---|
| Dewey Decimal Classification | Non-fiction | Central Library, University of Rajshahi | Central Library, University of Rajshahi | 05/08/1971 | Zeithinger | 79.00 | 361.6 CUS 1968 | 21/08/2016 | C-2 | Books |